00453nam a2200145Ia 4500008004100000100001600041245010900057260001100166300002100177440004800198521001000246650002100256650001300277650001700290140626s9999 xx 000 0 und d aDong, Xiao. aControl of a virtual vehicle influences postural activity and motion sickness /cXiao Dong ... [et al.]. cc2011. a17 : 2, page 128 aJournal of Experimental Psycholgy : Applied aPSYCH aMotion sickness. aPosture. aVideo games.